Estrategia empresarial Del diagns̤tico a la implantacin̤ /

Detalles Bibliográficos
Autor principal: Rodero, Jos ̌Antonio
Formato: eBook
Lenguaje:español
Publicado: Bogot:̀ Ediciones de la U, 2019
Materias:
Acceso en línea:Acceso restringido

MARC

LEADER 00000nam a22000007a 4500
005 2021061804354.0
007 cr|||| ||||
008 210618s2019 co |||||s|||| 00||0 spa d
020 |a 978-958-792-102-1 
035 |a 33442 
040 |a vLex 
090 |c 11822  |d 11822 
100 1 |a Rodero, Jos ̌Antonio 
245 1 0 |a Estrategia empresarial  |h [Recurso electrn̤ico] :  |b Del diagns̤tico a la implantacin̤ /  |c Jos ̌Antonio Rodero 
256 |a Servicio en ln̕ea 
260 |a Bogot:̀  |b Ediciones de la U,  |c 2019 
300 |a 1 recurso electrn̤ico 
500 |a La evolucin̤ tecnolg̤ica, los cambios de paradigma en las industrias cls̀icas, como la automocin̤ o la alimentacin̤, la globalizacin̤ de la economa̕ y las nuevas formas de vivir, pensar y consumir, son solo algunos de los factores que estǹ dinamizando de forma importante el ecosistema empresarial. En un contexto as,̕ una buena estrategia empresarial es un factor crt̕ico para cualquier compaą̕. La definicin̤ estratǧica marcar ̀el rumbo a seguir, los objetivos a largo plazo y cm̤o lograr esas metas. Este libro permitir ̀al lector hacer una aproximacin̤ en profundidad a esta disciplina, ya que aborda de forma rigurosa todos los conceptos vinculados a la estrategia, haciendo ňfasis en la parte prc̀tica, en cm̤o aplicar todas esas nociones a las empresas que dirigimos. Nos basaremos en el proceso estratǧico real, siguiendo las tres fases que lo componen: El anl̀isis estratǧico, incluyendo tanto el diagns̤tico interno, que nos ayudar ̀a ser conscientes de la situacin̤ de partida de la propia empresa, como el diagns̤tico externo, que incluir ̀el sector y otros factores fuera de este. La definicin̤ de la estrategia propiamente dicha, a partir de las conclusiones del anl̀isis previo. Presentaremos diferentes herramientas que nos serǹ de ayuda, desde las ms̀ cls̀icas hasta las basadas en los diferentes modelos de innovacin̤. La implantacin̤, aportando las claves sobre cm̤o hacer realidad los objetivos marcados. Trataremos especialmente la gestin̤ del cambio y los instrumentos vinculados a esta fase, como el cuadro de mando integral. Adems̀, abordaremos los aspectos prc̀ticos necesarios para tener x̌ito en esta tarea. Cualquier lector que estudie este libro se sentir ̀cm̤odo en un proceso de definicin̤ estratǧica en su empresa, as ̕como en su posterior implantacin̤. 
506 1 |a Disponible solo en los productos indicados  |d vLex Global  |d vLex Global (Academic Edition, excluding Law Schools)  |d vLex Global (U.S. Academic Edition, Law Schools)  |d vLex Global (U.S. Academic Edition, excluding Law Schools)  |d vLex Global (Academic Edition, Law Schools) 
650 0 4 |a Administracin̤ (Management)  |z Colombia 
740 0 |a vLex Libros (Servicio en ln̕ea) 
856 4 0 |u https://vlex.com/source/estrategia-empresarial-del-diagnostico-a-la-implantacion-33442  |z Acceso restringido 
942 |c BOOK 
999 0 |a Management